USTA BİR ŞİFACININ KADİM SIRLARI (Record no. 1162165)

MARC details
000 -LEADER
sabit uzunluktaki kontrol alanı 00271nam a2200097Ia 4500
001 - KONTROL NUMARASI
kontrol alanı 1162165
005 - EN SON İŞLEMİN TARİH VE ZAMANI
kontrol alanı 20250827011639.0
008 - SABİT-UZUNLUKTA VERİ ÖĞELERİ--GENEL BİLGİ
sabit uzunluktaki kontrol alanı 250824s9999 xx 000 0 und d
245 #0 - ESER / YAZAR
ESER ADI USTA BİR ŞİFACININ KADİM SIRLARI
Yazar Adı DR. CLINT G. ROGERS
260 ## - YAYIN, DAĞITIM, VB.
YAYIN EVİ DESTEK YAYINLARI
Holdings
Düşüm durumu Kayıp durumu Hasar Durumu Ödünç verilmez Ana kütüphane Geçerli Kütüphane Edinilen tarih Toplam ödünç verme sayısı Barkod Son görüntüleme tarihi Fiyatın geçerli olmaya başladığı tarih Koha materyal türü
        DURSUN FAKİH ANADOLU LİSESİ DURSUN FAKİH ANADOLU LİSESİ 24.08.2025   10874479 27.08.2025 27.08.2025 Books